000 00496nam a2200157 i 4500
001 41683
003 ES-MaACL
005 20230906160456.0
007 t|
008 030311s1967 sp ||||1| spa d
100 1 _aCastellanos, Nicolás.
_936535
245 1 0 _aSeminario y mundo actual
_b: pedagogía del Seminario menor a la luz del C. Vaticano II /
_cNicolás A. Castellanos.
260 _aSalamanca :
_bSígueme,
_c1967.
300 _a322 p. ;
_c24 cm.
852 _aES-MaACL
_jC-34033
_bR.65087
999 _c41683
_d41683